Riconosci il Pokémon - Quiz n°1009 - Statistics

Statistiche generali
  • Questo quiz è stato fatto 1 volte
  • Il punteggio medio è 1 su 10
Statistiche sulle risposte
Indizio Risposta % Corretto
Generazione Settima
100%
Altezza 1,2 m
0%
Tasso di cattura 45 (11.9%)
0%
Peso 55,5 kg
0%
Tasso di allevamento Lento
0%
Pokémon Nihilego
0%
Stadio evoluzione Non si evolve
0%
Tipo Roccia / Veleno
0%
Sesso Sconosciuto
0%
Abilità Ultraboost
0%
Nessun quiz corrispondente trovato
Distribuzione punteggi
Percentuale di utenti per punteggio
Percentile per numero di risposta
I tuoi punteggi nel tempo
Non hai fatto questo quiz